[Event "13sen.WMH 2003 Senioren"]
[Site "Bad Zwischenahn(17.11.-29.11.2003)"]
[Date "2003.11.29"]
[Round "5"]
[White "Samarian, Cornel"]
[Black "Miessner, Rolf"]
[Result "1/2-1/2"]
[WhiteElo "1592"]
[BlackElo "1616"]
[PlyCount "101"]


1. Nf3 d5 2. d4 Nf6 3. Bg5 e6 4. e3 Be7 5. Be2 Nbd7 6. O-O O-O 7. Nbd2 b6 8.
Ne5 Nxe5 9. dxe5 Nd7 10. Bxe7 Qxe7 11. Nf3 c5 12. c3 Bb7 13. Rc1 Rfc8 14. b3
Rc7 15. Qd2 Rac8 16. Rfd1 a6 17. Qb2 b5 18. a3 Nb6 19. Qc2 g6 20. Qa2 Rc6 21.
c4 bxc4 22. bxc4 R6c7 23. cxd5 Bxd5 24. Qc2 Bxf3 25. Bxf3 Nd7 26. Qc3 c4 27.
Rd6 Rc5 28. Rxa6 Nxe5 29. Be2 Qb7 30. Ra4 Qc6 31. Qc2 c3 32. Rd1 Qc7 33. g3 Nd7
34. Rad4 Nb6 35. Rb4 Rd5 36. Rxd5 Nxd5 37. Rc4 Qb8 38. Rxc8+ Qxc8 39. Bd1 Qc5
40. Qa4 Qb6 41. Kg2 Qb2 42. Kf3 Nb6 43. Qb3 Qd2 44. h4 h6 45. Qc2 Qd5+ 46. Ke2
Qb5+ 47. Kf3 Qa5 48. Qb3 Qa8+ 49. Ke2 Qa6+ 50. Kf3 Qd3 51. Qc2 1/2-1/2

[Event "13sen.WMH 2003 Senioren"]
[Site "Bad Zwischenahn(17.11.-29.11.2003)"]
[Date "2003.11.29"]
[Round "5"]
[White "Sarkosch, Nerssi,Dr."]
[Black "Suess, Horst"]
[Result "1-0"]
[WhiteElo "1646"]
[BlackElo "1301"]
[PlyCount "101"]


1. c4 Nf6 2. g3 e6 3. Bg2 d5 4. Nf3 Be7 5. O-O O-O 6. Qc2 Nc6 7. a3 a5 8. d4 h6
9. Nbd2 b6 10. cxd5 Na7 11. dxe6 Bxe6 12. e4 c6 13. Nb1 Rc8 14. Nc3 Nb5 15. Rd1
Qc7 16. h3 Rfd8 17. Be3 Nh7 18. Rac1 Ng5 19. Nxb5 Nxf3+ 20. Bxf3 Qb8 21. Nc3
Bxh3 22. Qe2 Be6 23. Bg4 Rd6 24. Bf4 Bxg4 25. Qxg4 Rg6 26. Qf3 Qa7 27. Kh2 Qd7
28. d5 c5 29. e5 Qf5 30. Ne4 Rg4 31. Rh1 g5 32. d6 Bd8 33. d7 Rc6 34. Nf6+ Rxf6
35. exf6 gxf4 36. Kg2 Kh7 37. Rcd1 Qg6 38. Rd5 fxg3 39. fxg3 Qc2+ 40. Kh3 Rg6
41. Rh2 Qc4 42. Re2 Rxf6 43. Qd3+ Qxd3 44. Rxd3 Re6 45. Rxe6 fxe6 46. Re3 Kg7
47. Rxe6 Kf7 48. Re8 Be7 49. d8=Q Bxd8 50. Rxd8 c4 51. Rb8 1-0

[Event "13sen.WMH 2003 Senioren"]
[Site "Bad Zwischenahn(17.11.-29.11.2003)"]
[Date "2003.11.29"]
[Round "5"]
[White "Sattler, Franz"]
[Black "Stock, Hugo"]
[Result "1-0"]
[WhiteElo "1884"]
[BlackElo "1614"]
[PlyCount "59"]


1. c4 Nf6 2. Nf3 e6 3. d4 d5 4. Nc3 Be7 5. Bf4 O-O 6. e3 c6 7. Bd3 Bb4 8. a3
Ba5 9. b4 Bc7 10. Bg5 Nbd7 11. Qc2 Qe8 12. O-O dxc4 13. Bxc4 h6 14. Bh4 g6 15.
Ne4 Kg7 16. b5 Nxe4 17. Qxe4 Nb8 18. a4 f5 19. Qc2 g5 20. Bg3 Bxg3 21. fxg3 Bd7
22. Ne5 cxb5 23. axb5 Qe7 24. Qb3 Bc8 25. b6 a6 26. Bb5 Bd7 27. Nxd7 Nxd7 28.
Ba4 Rfc8 29. Rac1 Nb8 30. Rxc8 1-0

[Event "13sen.WMH 2003 Senioren"]
[Site "Bad Zwischenahn(17.11.-29.11.2003)"]
[Date "2003.11.29"]
[Round "5"]
[White "Schoerghuber, Kurt"]
[Black "Forselv, Edmund"]
[Result "0-1"]
[WhiteElo "1702"]
[BlackElo "1840"]
[PlyCount "54"]


1. e4 d5 2. exd5 Qxd5 3. Nc3 Qa5 4. d4 Nf6 5. Bd3 c6 6. Bd2 Qb6 7. Nge2 Bg4 8.
f3 Bh5 9. Ne4 Nbd7 10. c3 Nxe4 11. fxe4 e5 12. Be3 exd4 13. cxd4 Bb4+ 14. Kf2
c5 15. d5 Qf6+ 16. Kg1 O-O 17. Qc2 Rac8 18. Rf1 Qe7 19. Ng3 Bg6 20. h4 h6 21.
Nf5 Bxf5 22. Rxf5 Nf6 23. Rh3 c4 24. Be2 Nxe4 25. Bxa7 Rfe8 26. Bd4 Bd6 27. Bf3
Ng3 0-1

[Event "13sen.WMH 2003 Senioren"]
[Site "Bad Zwischenahn(17.11.-29.11.2003)"]
[Date "2003.11.29"]
[Round "5"]
[White "Schuler, Georg[29Baling]"]
[Black "Zeh, Helmut"]
[Result "1-0"]
[WhiteElo "1847"]
[BlackElo "1757"]
[PlyCount "69"]


1. c4 Nf6 2. Nc3 e6 3. e4 c5 4. g3 Nc6 5. Nf3 Be7 6. Bg2 O-O 7. O-O d6 8. d4
cxd4 9. Nxd4 Qc7 10. Ndb5 Qb8 11. Bf4 Rd8 12. Qd2 a6 13. Na3 Bd7 14. Rad1 Be8
15. Qe2 Nd7 16. Rd2 Nc5 17. Rfd1 e5 18. Be3 Ne6 19. Nd5 Ned4 20. Bxd4 Nxd4 21.
Rxd4 exd4 22. Nxe7+ Kf8 23. Nd5 b5 24. Qh5 h6 25. Rxd4 Ra7 26. Qd1 Rc8 27. Nf4
bxc4 28. Nxc4 Rac7 29. Bh3 Bd7 30. Bxd7 Rxd7 31. Nxd6 Rc6 32. Nf5 Rxd4 33. Qxd4
Rc1+ 34. Kg2 f6 35. Ne6+ 1-0

[Event "13sen.WMH 2003 Senioren"]
[Site "Bad Zwischenahn(17.11.-29.11.2003)"]
[Date "2003.11.29"]
[Round "5"]
[White "Schuller, Erhard"]
[Black "Geibel, Henning"]
[Result "1-0"]
[WhiteElo "1586"]
[BlackElo "1088"]
[PlyCount "83"]


1. e4 e5 2. f4 Nc6 3. Nf3 d6 4. d3 Nf6 5. fxe5 dxe5 6. Be2 Bb4+ 7. c3 Bd6 8. h3
O-O 9. Be3 Nh5 10. Bf2 Nf4 11. Nbd2 Nxg2+ 12. Kf1 Nf4 13. Ng1 Qg5 14. Rh2 b6
15. Ndf3 Qh6 16. Be3 Bc5 17. d4 exd4 18. cxd4 Be7 19. Qc1 Bg5 20. Nxg5 Nxe2 21.
Nxe2 Qf6+ 22. Rf2 Qg6 23. Rg2 Qf6+ 24. Kg1 h6 25. e5 Qf5 26. Qxc6 Rb8 27. Rf1
Qd3 28. Qe4 Qxe4 29. Nxe4 Bxh3 30. Rff2 Bxg2 31. Rxg2 Rbd8 32. Bxh6 Kh7 33.
Bxg7 Rfe8 34. Bf6 Rd5 35. Rg7+ Kh6 36. Rxf7 Rg8+ 37. Kf2 c5 38. dxc5 Rd1 39. c6
Rc8 40. c7 Kg6 41. Rg7+ Kf5 42. Nd6+ 1-0

[Event "13sen.WMH 2003 Senioren"]
[Site "Bad Zwischenahn(17.11.-29.11.2003)"]
[Date "2003.11.29"]
[Round "5"]
[White "Schwarz, Werner[40Fürth]"]
[Black "Grasmik, Waldemar"]
[Result "0-1"]
[WhiteElo "1725"]
[BlackElo "1506"]
[PlyCount "50"]


1. e4 e6 2. d4 d5 3. Nd2 c5 4. exd5 Qxd5 5. Ngf3 Qd8 6. Nb3 Qc7 7. dxc5 Bxc5 8.
Nxc5 Qxc5 9. Be3 Qc7 10. Bd3 Nd7 11. O-O Ngf6 12. Qd2 Nd5 13. Bd4 N5f6 14. Rfe1
a6 15. h3 h5 16. Qe2 b5 17. Ne5 Bb7 18. Nxf7 Qc6 19. Qxe6+ Qxe6 20. Nxh8 Ne4
21. f3 O-O-O 22. Bxe4 Bxe4 23. Rxe4 Qf5 24. Bxg7 Rg8 25. Nf7 Qxf7 0-1

[Event "13sen.WMH 2003 Senioren"]
[Site "Bad Zwischenahn(17.11.-29.11.2003)"]
[Date "2003.11.29"]
[Round "5"]
[White "Schwichtenberg, Juergen"]
[Black "Bartle, Georg"]
[Result "1-0"]
[WhiteElo "1671"]
[BlackElo "1682"]
[PlyCount "137"]


1. b4 e5 2. Bb2 Bxb4 3. Bxe5 Nf6 4. c4 Nc6 5. Bb2 O-O 6. e3 Ne4 7. Nf3 d5 8.
cxd5 Qxd5 9. Be2 Rd8 10. Qc2 Bf5 11. Qc4 Nxd2 12. Nbxd2 Bxd2+ 13. Kf1 Qxc4 14.
Bxc4 Ba5 15. Ke2 a6 16. Rhd1 Rxd1 17. Rxd1 Rd8 18. Rxd8+ Nxd8 19. Nd4 Bd7 20.
f3 b5 21. Nb3 Bb6 22. Bd3 c5 23. Be4 Bc6 24. Nd2 Ba5 25. Nb3 Bb6 26. Nd2 a5 27.
a3 Bd7 28. Bd5 Be6 29. e4 Bxd5 30. exd5 f6 31. Ne4 Nb7 32. g4 h6 33. h4 Bd8 34.
f4 Kf7 35. Bc1 Be7 36. Be3 c4 37. Bc1 g6 38. Bb2 Nd6 39. Nc5 a4 40. Kf3 f5 41.
g5 hxg5 42. hxg5 Nc8 43. Nd7 Bd6 44. Ne5+ Kg8 45. Nxg6 b4 46. axb4 Bxb4 47. Ne5
c3 48. Ba1 c2 49. Nd3 a3 50. Ke2 Nd6 51. Nc1 Ne4 52. Kd3 Bd2 53. Kxc2 Bxf4 54.
g6 Bd6 55. Kd3 Ng5 56. Nb3 f4 57. Ke2 Bc7 58. Nd2 Ba5 59. Nc4 Bb4 60. d6 f3+
61. Kf1 Ne4 62. d7 Be7 63. Nxa3 Nd2+ 64. Ke1 Bh4+ 65. Kxd2 Kf8 66. Nc4 Ke7 67.
g7 Kf7 68. Nd6+ Kg8 69. Nb7 1-0

[Event "13sen.WMH 2003 Senioren"]
[Site "Bad Zwischenahn(17.11.-29.11.2003)"]
[Date "2003.11.29"]
[Round "5"]
[White "Semmler, Guenter"]
[Black "Bredendick, Franz"]
[Result "1-0"]
[WhiteElo "1951"]
[BlackElo "1792"]
[PlyCount "89"]


1. Nf3 Nf6 2. d4 d5 3. g3 g6 4. Bg2 Bg7 5. O-O O-O 6. c4 c6 7. Nc3 a6 8. b3 Bg4
9. Ne5 Be6 10. Bb2 Nbd7 11. cxd5 cxd5 12. Nd3 Rc8 13. Nf4 Qb6 14. Ncxd5 Nxd5
15. Nxd5 Bxd5 16. Bxd5 Rc7 17. e3 Rfc8 18. Be4 Nf6 19. Bd3 Qe6 20. Qf3 b5 21.
Rac1 h5 22. Rxc7 Rxc7 23. Rc1 Rxc1+ 24. Bxc1 Nd5 25. Bd2 Qd6 26. Bb1 Nf6 27.
Qa8+ Kh7 28. Qa7 Nd7 29. Be4 e5 30. Bc3 exd4 31. Bxd4 Bxd4 32. Qxd4 Qxd4 33.
exd4 b4 34. Kf1 Kg7 35. Ke2 Kf6 36. Kd3 Nb6 37. h4 Ke6 38. Bb7 a5 39. Ke4 f6
40. Bc6 g5 41. Be8 Nd5 42. Bf7+ Kxf7 43. Kxd5 gxh4 44. gxh4 Kg6 45. Ke6 1-0

[Event "13sen.WMH 2003 Senioren"]
[Site "Bad Zwischenahn(17.11.-29.11.2003)"]
[Date "2003.11.29"]
[Round "5"]
[White "Steinbach, Horst"]
[Black "Girod, Gudrun"]
[Result "1/2-1/2"]
[WhiteElo "1497"]
[BlackElo "1398"]
[PlyCount "57"]


1. e4 e5 2. Nf3 Nf6 3. Nxe5 d6 4. Nf3 Nxe4 5. d4 Nf6 6. Bc4 d5 7. Bb3 Bg4 8. h3
Bh5 9. O-O Be7 10. Bf4 O-O 11. Qd3 Bg6 12. Qd1 c6 13. Nbd2 Bh5 14. Re1 Nbd7 15.
c3 c5 16. Qc1 Bxf3 17. Nxf3 h6 18. Bc2 c4 19. b3 Nb6 20. Rb1 Re8 21. bxc4 dxc4
22. Be4 Nxe4 23. Rxe4 Qd5 24. Qe3 Qd7 25. Ne5 Qa4 26. Qe2 Nd5 27. Rc1 Ba3 28.
Qc2 Qxc2 29. Rxc2 1/2-1/2

[Event "13sen.WMH 2003 Senioren"]
[Site "Bad Zwischenahn(17.11.-29.11.2003)"]
[Date "2003.11.29"]
[Round "5"]
[White "Thonig, Manfred"]
[Black "Bodinger, Karl"]
[Result "0-1"]
[WhiteElo "1538"]
[BlackElo "1394"]
[PlyCount "134"]


1. f4 d5 2. Nf3 Nc6 3. e3 a6 4. b3 e6 5. Bb2 Nf6 6. a3 Be7 7. Bd3 O-O 8. O-O
Ne8 9. Ne5 f5 10. Nc3 Bf6 11. Nxc6 bxc6 12. Rf3 g6 13. Rb1 Nd6 14. Rh3 Kg7 15.
a4 Ne4 16. Ba3 Rh8 17. Ne2 h5 18. Qe1 a5 19. Kh1 Bd7 20. c3 Rh6 21. Bc2 Qh8 22.
d3 Nd6 23. Ng1 e5 24. Nf3 e4 25. Ne5 Bxe5 26. fxe5 exd3 27. Bxd3 Ne4 28. Qh4 g5
29. Qe1 Kg6 30. Bxe4 fxe4 31. Bb2 Bxh3 32. gxh3 Qxe5 33. c4 Qf5 34. Qc3 Rh7 35.
cxd5 Ra6 36. dxc6 Rf7 37. Re1 Qxh3 38. Qc1 Qf3+ 39. Kg1 Qf2+ 40. Kh1 h4 41. Qb1
Qf3+ 42. Kg1 h3 43. Qc2 Rb6 44. Be5 Rxb3 45. Bd4 Rd3 46. Qa2 Rd1 47. Qe6+ Kh5
48. Qxf7+ Qxf7 49. Rxd1 Qa2 50. Kf1 Qxh2 51. Ke1 Qg1+ 52. Kd2 Qxd1+ 53. Kxd1 h2
54. Be5 h1=Q+ 55. Kd2 Qg2+ 56. Kc3 Qa2 57. Kd4 Qxa4+ 58. Kd5 Qc2 59. Bxc7 a4
60. Bd6 g4 61. c7 Kh4 62. Ke6 a3 63. Kd7 a2 64. Be5 g3 65. c8=Q Qxc8+ 66. Kxc8
g2 67. Bh2 a1=Q 0-1

[Event "13sen.WMH 2003 Senioren"]
[Site "Bad Zwischenahn(17.11.-29.11.2003)"]
[Date "2003.11.29"]
[Round "5"]
[White "Vucenovic, Dragomir"]
[Black "Perk, Egbert"]
[Result "1-0"]
[WhiteElo "2204"]
[BlackElo "1883"]
[PlyCount "45"]


1. Nf3 Nf6 2. g3 c5 3. Bg2 d5 4. O-O h6 5. d4 cxd4 6. b3 Nc6 7. Nxd4 e5 8. Nxc6
bxc6 9. c4 Bb7 10. cxd5 cxd5 11. Bb2 Qc7 12. Qc1 Bd6 13. Nc3 a6 14. Rd1 d4 15.
Nb5 axb5 16. Qxc7 Bxc7 17. Bxb7 Ra7 18. Bc6+ Ke7 19. Bxb5 Ne4 20. Rac1 Bd6 21.
a4 Bb4 22. Bxd4 Ba3 23. Bxa7 1-0

[Event "13sen.WMH 2003 Senioren"]
[Site "Bad Zwischenahn(17.11.-29.11.2003)"]
[Date "2003.11.29"]
[Round "5"]
[White "Wittmann, Georg"]
[Black "Mayers_Lorien, Dan E."]
[Result "1/2-1/2"]
[WhiteElo "1820"]
[BlackElo "1997"]
[PlyCount "41"]


1. c4 e5 2. Nc3 c5 3. Nf3 Nc6 4. g3 g6 5. Bg2 Bg7 6. d3 Nge7 7. O-O O-O 8. Ne1
d6 9. f4 Be6 10. Nd5 Nf5 11. Nc2 Rb8 12. a4 Re8 13. Rb1 Ncd4 14. e4 Ne7 15.
Nxd4 exd4 16. b4 b6 17. Rb2 Qd7 18. b5 Bxd5 19. exd5 Qd8 20. Bh3 Kf8 21. f5
1/2-1/2

[Event "13sen.WMH 2003 Senioren"]
[Site "Bad Zwischenahn(17.11.-29.11.2003)"]
[Date "2003.11.29"]
[Round "5"]
[White "Wulf, Adalbert"]
[Black "Weyand, Fernand"]
[Result "1/2-1/2"]
[WhiteElo "1800"]
[BlackElo "1705"]
[PlyCount "128"]


1. d4 Nf6 2. Nf3 e6 3. c4 Bb4+ 4. Nc3 Ne4 5. Qb3 Bxc3+ 6. bxc3 O-O 7. g3 d6 8.
Bg2 Nc6 9. Qc2 f5 10. Nd2 Nf6 11. O-O Qe8 12. e3 Ne7 13. a4 a5 14. Ba3 Rb8 15.
c5 d5 16. Rfb1 c6 17. c4 Ng4 18. h3 Nh6 19. cxd5 exd5 20. Kh2 g5 21. Qd1 Bd7
22. Ra2 Rf6 23. Rab2 Bc8 24. Nb3 Qd8 25. Nc1 Nf7 26. Nd3 Rh6 27. Kg1 Ng6 28.
Rb6 Qc7 29. Bc1 Nf8 30. Bd2 Nd7 31. R6b2 Ra8 32. Be1 Nf6 33. Qb3 Ne4 34. Qb6
Qb8 35. f4 gxf4 36. exf4 Rg6 37. Kh2 Qa7 38. Qxa7 Rxa7 39. Rb6 Nd8 40. Ne5 Rg7
41. R6b3 Ne6 42. Rd1 Nc7 43. Bf3 Na6 44. Bxe4 dxe4 45. Bxa5 Nb8 46. Bc3 Rxa4
47. Ra1 Rxa1 48. Bxa1 Be6 49. Ra3 Na6 50. Kg2 Bd5 51. Kf2 Re7 52. Bc3 Re8 53.
Ke3 Ra8 54. Nd7 Kf7 55. Nb6 Rg8 56. Be1 Ke6 57. Ra1 h5 58. h4 Rg7 59. Rb1 Nc7
60. Ra1 Ne8 61. Ra8 Nf6 62. Rd8 Ke7 63. Rh8 Rh7 64. Rb8 Ke6 1/2-1/2

[Event "13sen.WMH 2003 Senioren"]
[Site "Bad Zwischenahn(17.11.-29.11.2003)"]
[Date "2003.11.29"]
[Round "5"]
[White "Ziltener, Werner"]
[Black "Plassmann, Florenz"]
[Result "1-0"]
[WhiteElo "1967"]
[BlackElo "1862"]
[PlyCount "37"]


1. Nf3 d5 2. d4 Nf6 3. c4 e6 4. Nc3 Be7 5. Bf4 O-O 6. e3 c5 7. dxc5 Nc6 8. a3
Bxc5 9. Qc2 Qe7 10. O-O-O dxc4 11. Bxc4 h6 12. g4 e5 13. g5 exf4 14. gxf6 Qxf6
15. Ne4 Qe7 16. Nxc5 Bg4 17. Rhg1 Bxf3 18. Qg6 Qe5 19. Nd7 1-0

[Event "13sen.WMH 2003 Senioren"]
[Site "Bad Zwischenahn(17.11.-29.11.2003)"]
[Date "2003.11.29"]
[Round "5"]
[White "Zotin, Vladimir"]
[Black "Bosbach, Manfred"]
[Result "1-0"]
[WhiteElo "1882"]
[BlackElo "1766"]
[PlyCount "63"]


1. e4 e6 2. d4 d5 3. Bd3 Nf6 4. f3 dxe4 5. fxe4 Nxe4 6. Nf3 Nf6 7. O-O Be7 8.
c3 Nbd7 9. Nbd2 O-O 10. Nc4 c5 11. Qe2 cxd4 12. cxd4 Nb6 13. b3 Bd7 14. Nce5
Nbd5 15. Bd2 Rc8 16. Rac1 a6 17. a4 Qb6 18. Bc4 h6 19. Nxd7 Nxd7 20. Bxd5 Rxc1
21. Bxc1 Bf6 22. Bc4 Bxd4+ 23. Nxd4 Qxd4+ 24. Be3 Qh4 25. Bf4 Qe7 26. Rd1 Rd8
27. Qd2 e5 28. Be3 Kf8 29. Bb6 Nxb6 30. Qxd8+ Qxd8 31. Rxd8+ Ke7 32. Rb8 1-0

[Event "13sen.WMH 2003 Senioren"]
[Site "Bad Zwischenahn(17.11.-29.11.2003)"]
[Date "2003.??.??"]
[Round "5.1"]
[White "Asmundsson, Ingvar"]
[Black "Chernikov, Oleg"]
[Result "1-0"]
[WhiteElo "2402"]
[BlackElo "2443"]
[PlyCount "55"]


1. e4 c5 2. Nf3 g6 3. d4 cxd4 4. Qxd4 Nf6 5. e5 Nc6 6. Qa4 Nd5 7. Qe4 Ndb4 8.
Bb5 Qa5 9. Nc3 d5 10. exd6 Bf5 11. Qe5 Nxc2+ 12. Ke2 O-O-O 13. Qxh8 Nxa1 14.
Qxh7 Nc2 15. Rd1 Qb6 16. Qxf7 N2d4+ 17. Nxd4 Nxd4+ 18. Kf1 Be6 19. Qxg6 Rxd6
20. Be2 Bxa2 21. Qe8+ Rd8 22. Qh5 Bb3 23. Rxd4 Qxd4 24. Nb5 Qd5 25. Qh3+ Kb8
26. Qc3 e5 27. Qc7+ Ka8 28. Qa5 1-0

[Event "13sen.WMH 2003 Senioren"]
[Site "Bad Zwischenahn(17.11.-29.11.2003)"]
[Date "2003.??.??"]
[Round "5.2"]
[White "Chepukaitis, Genrikh"]
[Black "Zhelesny, Stanislaw"]
[Result "1-0"]
[WhiteElo "2420"]
[BlackElo "2228"]
[PlyCount "85"]


1. d4 d5 2. Bg5 h6 3. Bh4 c6 4. c4 Nd7 5. e3 Ngf6 6. Nc3 e6 7. Nf3 Be7 8. a3
O-O 9. Rc1 Ne4 10. Bxe7 Qxe7 11. Qc2 f5 12. Bd3 Kh8 13. O-O b6 14. Ne2 Bb7 15.
Nf4 Kh7 16. Be2 g5 17. Nd3 dxc4 18. Nde5 b5 19. Nxd7 Qxd7 20. b3 cxb3 21. Qxb3
Rab8 22. Ne5 Qg7 23. Qxe6 Rbe8 24. Qa2 a6 25. Bd3 Nd6 26. Rc5 h5 27. Rfc1 Kh6
28. Qd2 f4 29. h4 gxh4 30. exf4 Qf6 31. Qe3 Qg7 32. f5+ Qg5 33. Kh2 Nxf5 34.
Bxf5 Qxe3 35. fxe3 Rxf5 36. Ng4+ hxg4 37. Rxf5 c5 38. d5 c4 39. Rf4 Bc8 40. e4
a5 41. a4 bxa4 42. Rxc4 Bd7 43. Rc5 1-0

[Event "13sen.WMH 2003 Senioren"]
[Site "Bad Zwischenahn(17.11.-29.11.2003)"]
[Date "2003.??.??"]
[Round "5.6"]
[White "Joksic, Sinisa"]
[Black "Shabanov, Yuri"]
[Result "0-1"]
[WhiteElo "2271"]
[BlackElo "2443"]
[PlyCount "78"]


1. c4 c6 2. Nf3 d5 3. e3 Nf6 4. d4 g6 5. Nc3 Bg7 6. cxd5 cxd5 7. Bb5+ Bd7 8.
Bd3 Nc6 9. O-O O-O 10. a3 Rc8 11. h3 Na5 12. Ne5 Nc4 13. f4 Nd6 14. Qf3 e6 15.
a4 Nfe8 16. g4 f5 17. Bd2 Ne4 18. Bxe4 fxe4 19. Qg3 Nd6 20. Rae1 Nc4 21. Nxc4
Rxc4 22. f5 Qc7 23. Qh4 g5 24. Qf2 Qd6 25. Qg2 Rcc8 26. Re2 Rf6 27. Be1 exf5
28. gxf5 Bxf5 29. Bg3 Qe6 30. Be5 Bxh3 31. Rxf6 Bxf6 32. Qg3 Rf8 33. Kh2 Bg4
34. Rf2 Bf3 35. Kg1 h5 36. Bxf6 Rxf6 37. Qb8+ Rf8 38. Qxb7 Qh3 39. Qxd5+ Rf7
0-1

[Event "13sen.WMH 2003 Senioren"]
[Site "Bad Zwischenahn(17.11.-29.11.2003)"]
[Date "2003.??.??"]
[Round "5.8"]
[White "Hecht, Hans-Joachim"]
[Black "Ljubarskij, Jurij"]
[Result "1/2-1/2"]
[WhiteElo "2400"]
[BlackElo "2212"]
[PlyCount "38"]


1. d4 d5 2. c4 c6 3. Nf3 Nf6 4. e3 e6 5. Bd3 Be7 6. O-O Nbd7 7. Nbd2 O-O 8. b3
b6 9. Bb2 Bb7 10. Qe2 c5 11. Rac1 Ne4 12. cxd5 exd5 13. Rfd1 Bf6 14. Nf1 Qe7
15. Ng3 g6 16. Ba6 Bxa6 17. Qxa6 Rfe8 18. Qe2 Rad8 19. dxc5 Ndxc5 1/2-1/2

[Event "13sen.WMH 2003 Senioren"]
[Site "Bad Zwischenahn(17.11.-29.11.2003)"]
[Date "2003.??.??"]
[Round "5.10"]
[White "Bukal, Vladimir"]
[Black "Wagner, Carl[40USA]"]
[Result "1-0"]
[WhiteElo "2428"]
[BlackElo "2245"]
[PlyCount "51"]


1. c4 f5 2. Nf3 Nf6 3. g3 g6 4. Nc3 Bg7 5. d4 O-O 6. Bg2 d6 7. O-O Qe8 8. Re1
Qf7 9. b3 Ne4 10. Bb2 Nc6 11. e3 Nxc3 12. Bxc3 e5 13. d5 Nd8 14. b4 h6 15. c5
g5 16. Nd2 g4 17. Nc4 Qg6 18. f4 gxf3 19. Bxf3 Nf7 20. Bh5 Qf6 21. h4 Bd7 22.
a4 Be8 23. Rf1 Nh8 24. e4 Bg6 25. exf5 Bxf5 26. Ne3 1-0

[Event "13sen.WMH 2003 Senioren"]
[Site "Bad Zwischenahn(17.11.-29.11.2003)"]
[Date "2003.??.??"]
[Round "5.11"]
[White "Chehlov, Alexander"]
[Black "Karasev, Vladimir"]
[Result "1/2-1/2"]
[WhiteElo "2246"]
[BlackElo "2415"]
[PlyCount "132"]


1. d4 g6 2. e4 Bg7 3. Nf3 d6 4. Nc3 Bg4 5. Be3 c6 6. h3 Bxf3 7. Qxf3 Nd7 8. Bc4
e6 9. O-O b5 10. Bd3 Ne7 11. Qg3 e5 12. dxe5 dxe5 13. Rad1 Qc7 14. Qh4 a6 15.
a3 h6 16. a4 Bf6 17. Qg3 Kf8 18. Be2 Kg7 19. Bg4 Rad8 20. Bxd7 Rxd7 21. Rxd7
Qxd7 22. Rd1 Qe6 23. b3 Nc8 24. Bc5 Rd8 25. Rxd8 Bxd8 26. axb5 axb5 27. Qd3 Be7
28. Bxe7 Qxe7 29. Nd1 Qc5 30. Kf1 Nd6 31. Ne3 Qd4 32. f3 f5 33. exf5 Qxd3+ 34.
cxd3 gxf5 35. b4 Kf6 36. Ke2 h5 37. g3 f4 38. gxf4 exf4 39. Ng2 Ke5 40. d4+
Kxd4 41. Nxf4 Kc3 42. Nd3 Kd4 43. Nf4 h4 44. Nd3 Nf5 45. Kd2 Ne3 46. Nf4 Nc4+
47. Ke2 Ne5 48. Ng2 Nd3 49. Nxh4 Nf4+ 50. Kd2 Ke5 51. Kc3 Nxh3 52. Ng2 Ng1 53.
Ne1 Ne2+ 54. Kd2 Nd4 55. Kd3 Ne6 56. Ng2 Nc7 57. Ne3 Kf4 58. Ke2 Ne6 59. Nc2
Ke5 60. Kd3 Nf4+ 61. Ke3 Nd5+ 62. Kd3 Kd6 63. Kd4 Nc7 64. Ne3 Ne6+ 65. Ke4 Ng5+
66. Kf4 Ne6+ 1/2-1/2

[Event "13sen.WMH 2003 Senioren"]
[Site "Bad Zwischenahn(17.11.-29.11.2003)"]
[Date "2003.??.??"]
[Round "5.12"]
[White "Donchenko, Anatoli"]
[Black "Ofstad, Per"]
[Result "1-0"]
[WhiteElo "2410"]
[BlackElo "2220"]
[PlyCount "69"]


1. d4 d5 2. c4 c6 3. Nf3 Nf6 4. Qc2 g6 5. cxd5 cxd5 6. Nc3 Nc6 7. Bf4 Bg7 8. e3
O-O 9. Be2 a6 10. h3 Bf5 11. Qb3 b5 12. a4 b4 13. Na2 Ra7 14. O-O Na5 15. Qxb4
Rb7 16. Qe1 Rxb2 17. Bxa6 Qb6 18. Bb5 Rc8 19. Nb4 Nb3 20. Rd1 e6 21. Ne5 Bf8
22. Ned3 Bxd3 23. Nxd3 Rbc2 24. f3 Nh5 25. Bh2 Be7 26. g4 Bd6 27. Nc5 f6 28. f4
Ng7 29. Nd7 Qc7 30. Nxf6+ Kh8 31. Qh4 h5 32. Bd3 Rd2 33. Bxg6 Rxd1 34. Rxd1 Qc3
35. Qf2 1-0

[Event "13sen.WMH 2003 Senioren"]
[Site "Bad Zwischenahn(17.11.-29.11.2003)"]
[Date "2003.??.??"]
[Round "5.13"]
[White "Lentze, Ingo,Dr."]
[Black "Katalymov, Boris"]
[Result "0-1"]
[WhiteElo "2200"]
[BlackElo "2400"]
[PlyCount "76"]


1. e4 c5 2. Nf3 Nc6 3. d4 cxd4 4. Nxd4 Nf6 5. Nc3 d6 6. Bc4 Bd7 7. O-O Rc8 8.
Bb3 g6 9. Nd5 Bg7 10. Bg5 Nxd5 11. Nxc6 bxc6 12. exd5 h6 13. Be3 Bxb2 14. Rb1
Bg7 15. Bd4 O-O 16. Bxg7 Kxg7 17. Qd4+ Kh7 18. Qxa7 c5 19. Qa6 Bf5 20. Qe2 Rc7
21. Bc4 Ra7 22. Rfe1 Qa5 23. g4 Bc8 24. h3 f5 25. Rb5 Qa4 26. Rb3 fxg4 27. hxg4
Rf4 28. Rb8 Qxc4 29. Rxc8 Rxg4+ 30. Kf1 Kg7 31. Qxc4 Rxc4 32. Re8 Kf7 33. Rh8
Rd4 34. c4 Rxc4 35. Rh7+ Kf8 36. Re6 Rd4 37. Rxh6 Rxd5 38. Rexg6 Rxa2 0-1

[Event "13sen.WMH 2003 Senioren"]
[Site "Bad Zwischenahn(17.11.-29.11.2003)"]
[Date "2003.??.??"]
[Round "5.14"]
[White "Fahnenschmidt, Gerhard,Dr."]
[Black "Piankov, Evgenij"]
[Result "1-0"]
[WhiteElo "2087"]
[BlackElo "2299"]
[PlyCount "55"]


1. d4 d5 2. c4 e6 3. Nc3 c6 4. e4 dxe4 5. Nxe4 Nf6 6. Nxf6+ Qxf6 7. Nf3 Bb4+ 8.
Bd2 Bxd2+ 9. Qxd2 O-O 10. Bd3 c5 11. dxc5 Na6 12. Rd1 Nxc5 13. Bb1 g6 14. h4 h5
15. Qe3 b6 16. Ne5 a5 17. Rh3 Ra7 18. Rf3 Qxh4 19. Bxg6 f5 20. Rh3 Qf6 21. Bxh5
Ne4 22. f4 Rg7 23. Bf3 Rd8 24. Rxd8+ Qxd8 25. Bxe4 fxe4 26. Rh6 Rxg2 27. Rh8+
Kxh8 28. Nf7+ 1-0

[Event "13sen.WMH 2003 Senioren"]
[Site "Bad Zwischenahn(17.11.-29.11.2003)"]
[Date "2003.11.29"]
[Round "5.16"]
[White "Baumgartner, Heinz"]
[Black "Villing, Dieter"]
[Result "1-0"]
[WhiteElo "2307"]
[BlackElo "2170"]
[PlyCount "67"]


1. Nf3 d6 2. d4 Nd7 3. c4 e5 4. Nc3 Ngf6 5. e4 Be7 6. g3 c6 7. Bg2 Qc7 8. O-O
Nf8 9. Nh4 Ne6 10. Nf5 exd4 11. Nxd4 Nxd4 12. Qxd4 O-O 13. Bf4 Ne8 14. Rfd1 Bg4
15. Rd2 Bf6 16. Qd3 Qa5 17. Rc1 Bg5 18. b4 Qa3 19. Rb1 Bxf4 20. gxf4 a5 21. b5
a4 22. bxc6 bxc6 23. e5 dxe5 24. fxe5 Nc7 25. Bxc6 Ra6 26. Be4 Rh6 27. Nd5 Qc5
28. Qd4 Qa5 29. Ne7+ Kh8 30. Qd8 Re8 31. Bc6 Rxc6 32. Nxc6 Qc5 33. Rb8 h5 34.
Qxc7 1-0

[Event "13sen.WMH 2003 Senioren"]
[Site "Bad Zwischenahn(17.11.-29.11.2003)"]
[Date "2003.??.??"]
[Round "5.17"]
[White "Bierwisch, Bernhard"]
[Black "Lieb, Harald"]
[Result "0-1"]
[WhiteElo "2109"]
[BlackElo "2273"]
[PlyCount "92"]


1. e4 e6 2. d4 d5 3. Nc3 Bb4 4. e5 Qd7 5. a3 Bxc3+ 6. bxc3 b6 7. a4 Ba6 8. Bxa6
Nxa6 9. Qd3 Nb8 10. Qg3 f5 11. Ne2 Nc6 12. Qg5 Qf7 13. g4 Nge7 14. gxf5 Nxf5
15. Rg1 Nce7 16. Ba3 h6 17. Qg4 g5 18. Bxe7 Kxe7 19. Kd2 Rhg8 20. Qh3 h5 21. f3
Kd7 22. a5 b5 23. Raf1 Raf8 24. f4 g4 25. Qd3 a6 26. h3 gxh3 27. Qxh3 Rxg1 28.
Rxg1 h4 29. Rg4 Rg8 30. Ng1 Rxg4 31. Qxg4 Qe7 32. Nf3 b4 33. c4 dxc4 34. d5 c3+
35. Kd3 Qh7 36. dxe6+ Ke7 37. Qg5+ Kxe6 38. Kc4 Ne3+ 39. Kxb4 Qe4+ 40. Ka3
Nxc2+ 41. Kb3 Na1+ 42. Ka3 Qxf3 43. Qf6+ Kd5 44. Qf7+ Ke4 45. Qc4+ Kf5 46. e6
c2+ 0-1

[Event "13sen.WMH 2003 Senioren"]
[Site "Bad Zwischenahn(17.11.-29.11.2003)"]
[Date "2003.11.29"]
[Round "5.18"]
[White "Bogorad, Michail"]
[Black "Zakharchenko, Arnold"]
[Result "1/2-1/2"]
[WhiteElo "2063"]
[BlackElo "2331"]
[PlyCount "62"]


1. e4 d6 2. d4 Nf6 3. Nc3 g6 4. Nf3 Bg7 5. Be2 O-O 6. O-O Nc6 7. h3 e5 8. dxe5
dxe5 9. Qxd8 Rxd8 10. Bg5 Be6 11. Rfd1 h6 12. Be3 Ne8 13. Bb5 Nd4 14. Bxe8
Nxf3+ 15. gxf3 Rxd1+ 16. Rxd1 Rxe8 17. Kg2 Bf8 18. Nd5 Rc8 19. a3 c6 20. Nf6+
Kh8 21. Ng4 Bg7 22. Bxa7 f5 23. Ne3 f4 24. Ng4 h5 25. Nh2 Kg8 26. Bb6 Bf6 27.
Nf1 Kf7 28. Rd3 c5 29. Ba5 Rc6 30. Bc3 b5 31. Bd2 Ra6 1/2-1/2